[Event "RUS-ch U26"]
[Site "Uljanovsk"]
[Date "2012.09.18"]
[Round "2"]
[White "Fedotov, Ivan"]
[Black "Sharafiev, Azat"]
[Result "0-1"]
[WhiteElo "2080"]
[BlackElo "2414"]
[PlyCount "58"]
[EventDate "2012.09.17"]
[EventType "swiss"]
[EventRounds "9"]
[EventCountry "RUS"]
[SourceTitle "CBM 150 Extra"]
[Source "ChessBase"]
[SourceDate "2012.10.19"]
[SourceVersion "1"]
[SourceVersionDate "2012.10.19"]
[SourceQuality "1"]

1. c4 e5 2. Nc3 Nf6 3. Nf3 Nc6 4. g3 d5 5. cxd5 Nxd5 6. Bg2 Nb6 7. 0-0 Be7 8. d3 g5 9. Be3 g4 10. Nd2 Be6 11. a4 a5 12. Bxb6 cxb6 13. Nb5 h5 14. Rc1 Rc8 15. Nb3 f5 16. e4 f4 17. d4 f3 18. d5 fxg2 19. Re1 Bf7 20. dxc6 Qxd1 21. Rexd1 Bxb3 22. cxb7 Rb8 23. Rc8+ Kf7 24. Rdc1 Be6 25. R1c7 Kf6 26. Rxh8 Rxh8 27. Na7 Bd6 28. Rc8 Rh7 29. Rf8+ Rf7 0-1

[Event "Sochi Meetings op"]
[Site "Sochi"]
[Date "2012.07.24"]
[Round "1.6"]
[White "Boyarko, Evgeniy"]
[Black "Fedotov, Ivan"]
[Result "0-1"]
[WhiteElo "1771"]
[BlackElo "2090"]
[PlyCount "62"]
[EventDate "2012.07.24"]
[EventType "swiss"]
[EventRounds "9"]
[EventCountry "RUS"]
[SourceTitle "EXT 2022"]
[Source "ChessBase"]
[SourceDate "2021.10.06"]
[SourceVersion "1"]
[SourceVersionDate "2021.10.06"]
[SourceQuality "1"]

1. c4 Nf6 2. Nc3 c5 3. g3 e6 4. Bg2 d5 5. cxd5 exd5 6. d3 d4 7. Ne4 Nxe4 8. Bxe4 Be7 9. Qb3 Nc6 10. Bg2 0-0 11. Nf3 Be6 12. Qd1 Qa5+ 13. Bd2 Qb6 14. b3 h6 15. 0-0 a5 16. Rb1 Qa6 17. Bf4 Nb4 18. a3 Nd5 19. Bd2 Bf6 20. Qc2 Nc3 21. Bxc3 dxc3 22. Rfd1 a4 23. bxa4 Qxa4 24. Qxa4 Rxa4 25. Rdc1 Rxa3 26. e4 Bd4 27. Nxd4 cxd4 28. Rxb7 Rfa8 29. Rbb1 Ra2 30. Bf1 c2 31. Rb5 Ra1 0-1

[Event "Nezhmetdinov Memorial 32nd"]
[Site "Kazan"]
[Date "2010.06.04"]
[Round "5"]
[White "Fedotov, Ivan"]
[Black "Zakharov, Kirill"]
[Result "0-1"]
[WhiteElo "2078"]
[BlackElo "1911"]
[PlyCount "58"]
[EventDate "2010.05.31"]
[EventType "swiss"]
[EventRounds "9"]
[EventCountry "RUS"]
[SourceTitle "CBM 136 Extra"]
[Source "ChessBase"]
[SourceDate "2010.07.02"]
[SourceVersion "2"]
[SourceVersionDate "2010.07.15"]
[SourceQuality "1"]

1. e4 c5 2. Nf3 Nc6 3. d4 cxd4 4. Nxd4 e5 5. Nb5 d6 6. N1c3 a6 7. Na3 Be6 8. Nd5 Nf6 9. Bg5 Bxd5 10. Qxd5 Qb6 11. Bxf6 Qxb2 12. Bc4 Qc3+ 13. Ke2 Nd4+ 14. Kd1 Qxa1+ 15. Kd2 Nb3+ 16. Bxb3 Qd4+ 17. Qxd4 exd4 18. Bxd4 d5 19. Nb1 dxe4 20. Re1 f5 21. f3 0-0-0 22. Ke3 exf3 23. gxf3 Bb4 24. Be6+ Kb8 25. c3 Rhe8 26. Kd3 Bc5 27. Kc4 Bd6 28. Re2 Re7 29. Nd2 b5+ 0-1

[Event "Nezhmetdinov Memorial 32nd"]
[Site "Kazan"]
[Date "2010.06.03"]
[Round "4"]
[White "Pridorozhni, Aleksei"]
[Black "Fedotov, Ivan"]
[Result "1-0"]
[WhiteElo "2554"]
[BlackElo "2078"]
[PlyCount "75"]
[EventDate "2010.05.31"]
[EventType "swiss"]
[EventRounds "9"]
[EventCountry "RUS"]
[SourceTitle "CBM 136 Extra"]
[Source "ChessBase"]
[SourceDate "2010.07.02"]
[SourceVersion "2"]
[SourceVersionDate "2010.07.15"]
[SourceQuality "1"]

1. e4 c6 2. Nc3 d5 3. Nf3 Bg4 4. h3 Bxf3 5. Qxf3 e6 6. d3 Nf6 7. g3 Be7 8. Bg2 Nbd7 9. Qe2 0-0 10. 0-0 d4 11. Nb1 e5 12. Nd2 b5 13. f4 Bd6 14. Qf2 c5 15. b3 Qc7 16. a4 a6 17. f5 Rfc8 18. g4 Nf8 19. Bf3 Ne8 20. g5 Be7 21. Qg3 f6 22. h4 Nd6 23. Be2 Qd8 24. Nf3 Nf7 25. Kh1 Kh8 26. Rg1 Nd7 27. gxf6 Bxf6 28. Ng5 Qe7 29. Bh5 Nd8 30. Be2 c4 31. dxc4 bxc4 32. Bxc4 Rxc4 33. bxc4 Nb6 34. Qg4 Nxc4 35. Qh5 h6 36. Qg6 hxg5 37. hxg5 Qb7 38. Qe8+ 1-0

[Event "Nezhmetdinov Memorial 32nd"]
[Site "Kazan"]
[Date "2010.06.02"]
[Round "3"]
[White "Fedotov, Ivan"]
[Black "Kalinin, Nikita"]
[Result "1-0"]
[WhiteElo "2078"]
[BlackElo "2032"]
[PlyCount "69"]
[EventDate "2010.05.31"]
[EventType "swiss"]
[EventRounds "9"]
[EventCountry "RUS"]
[SourceTitle "CBM 136 Extra"]
[Source "ChessBase"]
[SourceDate "2010.07.02"]
[SourceVersion "2"]
[SourceVersionDate "2010.07.15"]
[SourceQuality "1"]

1. e4 e5 2. Nf3 Nc6 3. Bb5 Bc5 4. 0-0 Nd4 5. Nxd4 Bxd4 6. c3 Bb6 7. d4 c6 8. Be2 d6 9. Be3 Nf6 10. Nd2 0-0 11. Qc2 Re8 12. h3 d5 13. dxe5 Bxe3 14. exf6 Bxd2 15. Qxd2 Rxe4 16. Bd3 Re5 17. fxg7 Rg5 18. Rfe1 Rxg7 19. Qh6 Be6 20. Re5 Qd7 21. Bxh7+ Kf8 22. Rg5 f6 23. Qxf6+ Qf7 24. Qh6 Re8 25. Re1 Re7 26. Rxg7 Qxg7 27. Rxe6 Qxh6 28. Rxh6 Re1+ 29. Kh2 Re2 30. f4 Rxb2 31. Rg6 Rxa2 32. f5 a5 33. Bg8 a4 34. f6 a3 35. Be6 1-0

[Event "Muhamedzjanov Memorial"]
[Site "Kazan"]
[Date "2010.01.16"]
[Round "9.3"]
[White "Fedotov, Ivan"]
[Black "Faizrakhmanov, Ramil"]
[Result "1/2-1/2"]
[WhiteElo "2089"]
[BlackElo "2043"]
[PlyCount "56"]
[EventDate "2010.01.08"]
[EventType "swiss"]
[EventRounds "9"]
[EventCountry "RUS"]
[SourceTitle "EXT 2022"]
[Source "ChessBase"]
[SourceDate "2021.10.06"]
[SourceVersion "1"]
[SourceVersionDate "2021.10.06"]
[SourceQuality "1"]

1. c4 c5 2. Nc3 Nc6 3. Nf3 g6 4. b3 Bg7 5. Bb2 Nh6 6. e3 0-0 7. h4 d6 8. h5 Nf5 9. Be2 a6 10. a4 Nh6 11. Ng5 e5 12. Nge4 f5 13. Ng3 f4 14. Nge4 Be6 15. hxg6 hxg6 16. g3 Nf7 17. Bg4 Bc8 18. Bxc8 Rxc8 19. Qg4 Nb4 20. Nd5 Nxd5 21. cxd5 Re8 22. Qh4 Kf8 23. gxf4 exf4 24. Bxg7+ Kxg7 25. Qh7+ Kf8 26. Qxg6 Rxe4 27. Qxe4 Qg5 28. 0-0-0 Re8 1/2-1/2

[Event "Muhamedzjanov Memorial"]
[Site "Kazan"]
[Date "2010.01.10"]
[Round "3.2"]
[White "Fedotov, Ivan"]
[Black "Sadykov, Ramil"]
[Result "0-1"]
[WhiteElo "2089"]
[BlackElo "2195"]
[PlyCount "24"]
[EventDate "2010.01.08"]
[EventType "swiss"]
[EventRounds "9"]
[EventCountry "RUS"]
[SourceTitle "EXT 2022"]
[Source "ChessBase"]
[SourceDate "2021.10.06"]
[SourceVersion "1"]
[SourceVersionDate "2021.10.06"]
[SourceQuality "1"]

1. e4 e6 2. d4 d5 3. Nd2 dxe4 4. Nxe4 Nd7 5. Nf3 Ngf6 6. Ng3 c5 7. Bd3 Be7 8. Qe2 b6 9. Ne5 Bb7 10. dxc5 Bxc5 11. Bg5 Nxe5 12. Bb5+ Bc6 0-1

[Event "Muhamedzjanov Memorial"]
[Site "Kazan"]
[Date "2010.01.09"]
[Round "2.1"]
[White "Toropov, Pavel"]
[Black "Fedotov, Ivan"]
[Result "0-1"]
[WhiteElo "2176"]
[BlackElo "2089"]
[PlyCount "75"]
[EventDate "2010.01.08"]
[EventType "swiss"]
[EventRounds "9"]
[EventCountry "RUS"]
[SourceTitle "EXT 2022"]
[Source "ChessBase"]
[SourceDate "2021.10.06"]
[SourceVersion "1"]
[SourceVersionDate "2021.10.06"]
[SourceQuality "1"]

1. e4 c6 2. d4 d5 3. e5 Bf5 4. Ne2 e6 5. Nf4 Nd7 6. g4 Be4 7. f3 Qh4+ 8. Ke2 Bg6 9. Be3 c5 10. c3 Qd8 11. Nd2 Ne7 12. Kf2 Rc8 13. h4 cxd4 14. cxd4 Bc2 15. Qe2 a6 16. Rc1 Qb6 17. b3 Qa5 18. Nc4 dxc4 19. Rxc2 c3 20. Bg2 Nb6 21. Rhc1 Ng6 22. Nxg6 hxg6 23. f4 Ba3 24. Bxb7 Bxc1 25. Rxc1 Rc7 26. Qxa6 Qb4 27. Bf3 0-0 28. Qd3 Rfc8 29. Rc2 Rd8 30. h5 gxh5 31. gxh5 Nd5 32. Bxd5 Rxd5 33. Kf3 Ra5 34. Qe4 Ra3 35. d5 Qb5 36. d6 Qf1+ 37. Kg3 Qe1+ 38. Kg2 0-1

[Event "Tatarstan-ch op"]
[Site "Kazan"]
[Date "2009.08.22"]
[Round "3"]
[White "Fedotov, Ivan"]
[Black "Pasiev, Rakhim"]
[Result "1-0"]
[WhiteElo "2076"]
[BlackElo "2309"]
[PlyCount "61"]
[EventDate "2009.08.20"]
[EventType "swiss"]
[EventRounds "9"]
[EventCountry "RUS"]
[SourceTitle "EXT 2010"]
[Source "ChessBase"]
[SourceDate "2010.11.25"]
[SourceVersion "1"]
[SourceVersionDate "2010.11.25"]
[SourceQuality "1"]

1. e4 c5 2. d3 Nc6 3. g3 g6 4. Bg2 Bg7 5. Ne2 d6 6. 0-0 Rb8 7. c4 Nf6 8. Nbc3 a6 9. a4 h5 10. d4 cxd4 11. Nxd4 Ne5 12. b3 h4 13. f4 hxg3 14. fxe5 gxh2+ 15. Kh1 Nh5 16. Qf3 Be6 17. Nd5 Bxe5 18. Nxe6 fxe6 19. Qf7+ Kd7 20. Qxe6+ Kc6 21. Rf3 Ra8 22. Bg5 Qe8 23. b4 Bxa1 24. b5+ Kc5 25. Nxe7 Be5 26. Qd5+ Kb6 27. c5+ Ka7 28. b6+ Kb8 29. c6 bxc6 30. Nxc6+ Kb7 31. Nxe5+ 1-0

[Event "Nezhmetdinov Memorial 31st"]
[Site "Kazan"]
[Date "2009.06.07"]
[Round "8"]
[White "Fedotov, Ivan"]
[Black "Rashitova, Gulnara"]
[Result "1-0"]
[WhiteElo "2080"]
[BlackElo "1797"]
[PlyCount "63"]
[EventDate "2009.05.31"]
[EventType "swiss"]
[EventRounds "9"]
[EventCountry "RUS"]
[SourceTitle "CBM 130 Extra"]
[Source "ChessBase"]
[SourceDate "2009.07.02"]
[SourceVersion "2"]
[SourceVersionDate "2009.07.15"]
[SourceQuality "1"]

1. e4 e5 2. Nf3 Nc6 3. Bb5 Bc5 4. c3 d6 5. d4 exd4 6. cxd4 Bb4+ 7. Nc3 Bd7 8. 0-0 Nge7 9. Bg5 a6 10. Bc4 0-0 11. Nd5 Bg4 12. Qb3 Ba5 13. Qxb7 Qd7 14. Qb3 Bxf3 15. Qxf3 Rab8 16. Qa3 Nxd5 17. exd5 Qf5 18. dxc6 Qxg5 19. Bxa6 Rfe8 20. Bc4 Bd2 21. Qf3 Qg6 22. b3 Kf8 23. Rad1 Bb4 24. Bd5 Re7 25. Rd3 Rbe8 26. Re3 Qc2 27. a4 Ba5 28. Qh5 Bc3 29. Rf3 f6 30. Qh4 f5 31. Qxh7 Re1 32. Qg8+ 1-0

[Event "Nezhmetdinov Memorial 31st"]
[Site "Kazan"]
[Date "2009.06.06"]
[Round "7"]
[White "Ivanov, Nikolay A"]
[Black "Fedotov, Ivan"]
[Result "0-1"]
[WhiteElo "1984"]
[BlackElo "2080"]
[PlyCount "84"]
[EventDate "2009.05.31"]
[EventType "swiss"]
[EventRounds "9"]
[EventCountry "RUS"]
[SourceTitle "CBM 130 Extra"]
[Source "ChessBase"]
[SourceDate "2009.07.02"]
[SourceVersion "2"]
[SourceVersionDate "2009.07.15"]
[SourceQuality "1"]

1. c4 Nf6 2. g3 c6 3. Bg2 d5 4. Nf3 e6 5. b3 Bd6 6. d4 0-0 7. 0-0 Nbd7 8. Nc3 Qe7 9. Qc2 a6 10. Re1 dxc4 11. bxc4 c5 12. Bg5 cxd4 13. Nxd4 h6 14. Bxf6 Nxf6 15. Rab1 Bc5 16. e3 Rd8 17. Red1 Rb8 18. Nb3 Rxd1+ 19. Rxd1 Bb4 20. Nd2 Bd7 21. Nde4 Nxe4 22. Nxe4 Bc6 23. Qd3 Ba4 24. Rc1 Rd8 25. Qe2 Qd7 26. h3 Qc7 27. g4 Qa5 28. h4 Bd2 29. Rb1 Bc6 30. g5 hxg5 31. Nxg5 Qxa2 32. Rd1 Qc2 33. Qh5 Qf5 34. Bxc6 bxc6 35. e4 Qf6 36. Qh7+ Kf8 37. Rb1 Bxg5 38. hxg5 Qxg5+ 39. Kf1 Qg4 40. Qh8+ Ke7 41. Rb7+ Rd7 42. Qc8 Qh3+ 0-1

[Event "Nezhmetdinov Memorial 31st"]
[Site "Kazan"]
[Date "2009.06.05"]
[Round "6"]
[White "Fedotov, Ivan"]
[Black "Zainullina, Nataliya"]
[Result "0-1"]
[WhiteElo "2080"]
[BlackElo "2127"]
[PlyCount "64"]
[EventDate "2009.05.31"]
[EventType "swiss"]
[EventRounds "9"]
[EventCountry "RUS"]
[SourceTitle "CBM 130 Extra"]
[Source "ChessBase"]
[SourceDate "2009.07.02"]
[SourceVersion "2"]
[SourceVersionDate "2009.07.15"]
[SourceQuality "1"]

1. e4 e5 2. Nf3 Nc6 3. Bb5 a6 4. Ba4 Nf6 5. 0-0 d6 6. Re1 b5 7. Bb3 Na5 8. h3 Bb7 9. Nc3 Nxb3 10. axb3 Be7 11. d4 exd4 12. Nxd4 0-0 13. Nf5 Re8 14. Bg5 h6 15. Bh4 Bf8 16. Qd4 g5 17. Bg3 c5 18. Qd3 b4 19. Nd5 Nxd5 20. exd5 Qf6 21. c3 Rxe1+ 22. Rxe1 a5 23. Ne3 Ba6 24. Qf5 Qxf5 25. Nxf5 bxc3 26. bxc3 c4 27. bxc4 Bxc4 28. Ne3 Bb3 29. c4 a4 30. Rb1 Rc8 31. Kh2 Kh7 32. Nf5 Bc2 0-1

[Event "Privolzhskogo FO-ch"]
[Site "Kazan"]
[Date "2009.01.26"]
[Round "6"]
[White "Dimukhametov, Artur"]
[Black "Fedotov, Ivan"]
[Result "1-0"]
[WhiteElo "2250"]
[BlackElo "2063"]
[PlyCount "55"]
[EventDate "2009.01.21"]
[EventType "swiss"]
[EventRounds "9"]
[EventCountry "RUS"]
[SourceTitle "EXT 2010"]
[Source "ChessBase"]
[SourceDate "2010.11.25"]
[SourceVersion "1"]
[SourceVersionDate "2010.11.25"]
[SourceQuality "1"]

1. d4 Nf6 2. c4 c5 3. d5 b5 4. cxb5 a6 5. bxa6 g6 6. Nc3 Bxa6 7. Nf3 Bg7 8. Nd2 0-0 9. e4 Bxf1 10. Nxf1 d6 11. Ne3 Nbd7 12. 0-0 Qb6 13. Qc2 Rfb8 14. Kh1 Ne8 15. f4 Nc7 16. b3 Na6 17. Nc4 Qb7 18. Bb2 Nb4 19. Qd2 f5 20. exf5 gxf5 21. a3 Na6 22. Na5 Qc7 23. Nc6 Re8 24. Qd3 Nab8 25. Nb5 Qb7 26. Qg3 Nf6 27. Bxf6 exf6 28. Nxd6 1-0

[Event "Privolzhskogo FO-ch"]
[Site "Kazan"]
[Date "2009.01.21"]
[Round "1"]
[White "Fedotov, Ivan"]
[Black "Gerasimov, Ivan"]
[Result "1/2-1/2"]
[WhiteElo "2063"]
[BlackElo "2342"]
[PlyCount "120"]
[EventDate "2009.01.21"]
[EventType "swiss"]
[EventRounds "9"]
[EventCountry "RUS"]
[SourceTitle "EXT 2010"]
[Source "ChessBase"]
[SourceDate "2010.11.25"]
[SourceVersion "1"]
[SourceVersionDate "2010.11.25"]
[SourceQuality "1"]

1. e4 c5 2. Nf3 d6 3. d4 cxd4 4. Nxd4 Nf6 5. Nc3 a6 6. Be3 e5 7. Nb3 Be6 8. f3 Be7 9. Qd2 0-0 10. 0-0-0 Nbd7 11. g4 b5 12. g5 b4 13. Ne2 Ne8 14. Kb1 a5 15. h4 a4 16. Nbc1 Qb8 17. f4 exf4 18. Nxf4 Nc7 19. Nd5 Bxd5 20. exd5 Ra5 21. Bg2 Nb6 22. Bxb6 Qxb6 23. Be4 f5 24. Bf3 Na6 25. Qe2 Rf7 26. Rd3 Bf8 27. Re3 Nc7 28. Qd3 Nxd5 29. Bxd5 Rxd5 30. Qxd5 Qxe3 31. Qb5 Qe4 32. Rf1 a3 33. Nd3 axb2 34. Rf4 Qh1+ 35. Kxb2 g6 36. Rxb4 Bg7+ 37. c3 Rf8 38. Nf4 Qe1 39. Qc4+ Kh8 40. Nd5 Qd2+ 41. Kb3 Qd1+ 42. Kb2 Qd2+ 43. Kb3 Ra8 44. Ra4 Qd1+ 45. Ka3 Qc1+ 46. Kb3 Qb1+ 47. Ka3 Rb8 48. Rb4 Qc1+ 49. Kb3 Ra8 50. Ra4 Rf8 51. Ra7 Qb1+ 52. Ka4 Qc2+ 53. Ka5 Qb2 54. Qc7 Qxa2+ 55. Kb4 Qb2+ 56. Ka4 Qc2+ 57. Ka3 Qc1+ 58. Kb3 Qd1+ 59. Ka3 Rg8 60. Nf6 Qa1+ 1/2-1/2

[Event "Kazan-ch op 85th"]
[Site "Kazan"]
[Date "2008.12.06"]
[Round "11"]
[White "Fedotov, Ivan"]
[Black "Lyanguzov, Oleg"]
[Result "0-1"]
[WhiteElo "2017"]
[BlackElo "2321"]
[PlyCount "110"]
[EventDate "2008.11.22"]
[EventType "swiss"]
[EventRounds "11"]
[EventCountry "RUS"]
[SourceTitle "EXT 2022"]
[Source "ChessBase"]
[SourceDate "2021.10.06"]
[SourceVersion "1"]
[SourceVersionDate "2021.10.06"]
[SourceQuality "1"]

1. e4 c5 2. Nf3 d6 3. d4 cxd4 4. Nxd4 Nf6 5. Nc3 Nc6 6. Bc4 e6 7. Bb3 a6 8. f4 Qc7 9. f5 Nxd4 10. Qxd4 Be7 11. fxe6 fxe6 12. Bg5 0-0 13. 0-0-0 Kh8 14. Rhe1 Ne8 15. h4 b5 16. Kb1 Rb8 17. Qd3 Bxg5 18. hxg5 b4 19. Ne2 Qe7 20. Qg3 e5 21. Rh1 g6 22. Rh6 Be6 23. Rdh1 Bxb3 24. Qxb3 Rg8 25. Qe6 Qg7 26. Ng3 Rb7 27. Nf5 Qf7 28. Rxh7+ Qxh7 29. Rxh7+ Rxh7 30. Nh6 Rf8 31. b3 Rg7 32. Qc4 a5 33. Qb5 Rc7 34. Ng4 Rc5 35. Qd7 Rc7 36. Qb5 Rc5 37. Qd7 Rc7 38. Qd8 Rcf7 39. g3 Nf6 40. Qxf6+ Rxf6 41. Nxf6 Kg7 42. Kb2 Kf7 43. a3 Rh8 44. axb4 axb4 45. g4 Rh4 46. Kb1 Rh2 47. Kb2 Rg2 48. Kb1 Ke6 49. Kc1 Ke7 50. Kb2 Kd8 51. Kc1 Kc7 52. Kb2 Kc6 53. Kc1 Kc5 54. Kb2 Kd4 55. Kc1 Ke3 0-1

[Event "Kazan-ch op 85th"]
[Site "Kazan"]
[Date "2008.11.27"]
[Round "5"]
[White "Tokarev, Ilya"]
[Black "Fedotov, Ivan"]
[Result "1-0"]
[WhiteElo "2251"]
[BlackElo "2017"]
[PlyCount "57"]
[EventDate "2008.11.22"]
[EventType "swiss"]
[EventRounds "11"]
[EventCountry "RUS"]
[SourceTitle "EXT 2022"]
[Source "ChessBase"]
[SourceDate "2021.10.06"]
[SourceVersion "1"]
[SourceVersionDate "2021.10.06"]
[SourceQuality "1"]

1. c4 Nf6 2. Nc3 c5 3. g3 e6 4. Nf3 b6 5. Bg2 Bb7 6. 0-0 Be7 7. b3 0-0 8. Bb2 d6 9. e3 Nbd7 10. Qe2 Ne5 11. Rfd1 Nxf3+ 12. Bxf3 Bxf3 13. Qxf3 Qc7 14. d4 Rad8 15. e4 Nd7 16. Qe2 a6 17. dxc5 Nxc5 18. Rd2 Qc6 19. Qg4 g6 20. Re1 Qb7 21. h4 b5 22. h5 bxc4 23. hxg6 hxg6 24. bxc4 Bf6 25. Qf4 Kg7 26. Kg2 Nd3 27. Qxf6+ Kxf6 28. Nd5+ Kg5 29. Bf6+ 1-0

[Event "PriFR-ch U16"]
[Site "Penza"]
[Date "2008.11.10"]
[Round "8"]
[White "Toropov, Pavel"]
[Black "Fedotov, Ivan"]
[Result "1-0"]
[WhiteElo "2150"]
[BlackElo "2017"]
[PlyCount "75"]
[EventDate "2008.11.03"]
[EventType "swiss"]
[EventRounds "9"]
[EventCountry "RUS"]
[SourceTitle "EXT 2022"]
[Source "ChessBase"]
[SourceDate "2021.10.06"]
[SourceVersion "1"]
[SourceVersionDate "2021.10.06"]
[SourceQuality "1"]

1. e4 c6 2. d4 d5 3. exd5 cxd5 4. c4 Nf6 5. Nc3 e6 6. Nf3 Bb4 7. cxd5 Nxd5 8. Bd2 Nc6 9. Bd3 0-0 10. 0-0 Be7 11. Qe2 Qb6 12. Rac1 Bf6 13. Qe4 g6 14. Na4 Qd8 15. Bh6 Bg7 16. Bxg7 Kxg7 17. Nc5 Nf6 18. Qe3 Nb4 19. Bc4 b6 20. Ne4 Nbd5 21. Bxd5 Nxd5 22. Qe2 Bb7 23. Ng3 Nf6 24. Rcd1 Rc8 25. h4 Qd5 26. Rfe1 Rfd8 27. Qd2 Qd6 28. Ne5 h5 29. Qf4 Rc7 30. f3 Qe7 31. Qg5 Rh8 32. Nd3 Qd8 33. Nf4 Rd7 34. Rxe6 Rxd4 35. Rxd4 Qxd4+ 36. Kh2 Qxf4 37. Qxf4 fxe6 38. Qc7+ 1-0

[Event "PriFR-ch U16"]
[Site "Penza"]
[Date "2008.11.06"]
[Round "4"]
[White "Fedotov, Ivan"]
[Black "Sadykov, Ramil"]
[Result "0-1"]
[WhiteElo "2017"]
[BlackElo "2168"]
[PlyCount "58"]
[EventDate "2008.11.03"]
[EventType "swiss"]
[EventRounds "9"]
[EventCountry "RUS"]
[SourceTitle "EXT 2022"]
[Source "ChessBase"]
[SourceDate "2021.10.06"]
[SourceVersion "1"]
[SourceVersionDate "2021.10.06"]
[SourceQuality "1"]

1. e4 e6 2. d4 d5 3. Nd2 Nf6 4. e5 Nfd7 5. Bd3 c5 6. c3 Nc6 7. Ne2 cxd4 8. cxd4 f6 9. exf6 Nxf6 10. 0-0 Bd6 11. Nf3 Qc7 12. Nc3 a6 13. Bg5 0-0 14. Bh4 Nh5 15. Na4 Nf4 16. Bg3 b5 17. Nc5 Nxd4 18. Nxd4 Qxc5 19. Nb3 Qb6 20. Rc1 Bd7 21. Qd2 Nxd3 22. Qxd3 Bxg3 23. Qxg3 Rac8 24. h4 Rc4 25. h5 h6 26. Nd2 Rcf4 27. Nf3 Be8 28. Ne5 Qd4 29. Nf3 Qxb2 0-1